Ensayo biográfico del célebre navegante y consumado cosmógrafo Juan de la Cosa : (Record no. 167016)

MARC details
000 -LEADER
campo de control de longitud fija 01646nam a2200301 i 4500
001 - NÚMERO DE CONTROL
campo de control 167016
003 - IDENTIFICADOR DE NÚMERO DE CONTROL
campo de control ES-MaACL
005 - FECHA Y HORA DE LA ÚLTIMA TRANSACCIÓN
campo de control 20230906213437.0
008 - DATOS DE LONGITUD FIJA--INFORMACIÓN GENERAL
campo de control de longitud fija 960320s1892 sp |||| | spa d
080 ## - NÚMERO DE LA CLASIFICACIÓN DECIMAL UNIVERSAL
Número de la Clasificación Decimal Universal 929 Cosa, Juan de la
080 ## - NÚMERO DE LA CLASIFICACIÓN DECIMAL UNIVERSAL
Número de la Clasificación Decimal Universal 912.43(100)(0.032)
100 1# - ENTRADA PRINCIPAL--NOMBRE DE PERSONA
Nombre de persona Cánovas del Castillo y Vallejo, Antonio,
Fechas asociadas al nombre 1862-1933
9 (RLIN) 34607
245 10 - MENCIÓN DEL TÍTULO
Título Ensayo biográfico del célebre navegante y consumado cosmógrafo Juan de la Cosa :
Resto del título y descripción e historia de su famosa Carta geográfica /
Mención de responsabilidad, etc. por Antonio Vascano [seud.].
260 ## - PUBLICACIÓN, DISTRIBUCIÓN, ETC.
Lugar de publicación, distribución, etc. Madrid :
Nombre del editor, distribuidor, etc. [s.n.],
Fecha de publicación, distribución, etc. 1892 (
Fabricante Tipo-litografía de V. Faure)
300 ## - DESCRIPCIÓN FÍSICA
Extensión 109 p. :
Otras características físicas il. ;
Dimensiones 22 cm.
530 ## - NOTA DISPONIBLE DE FORMULARIO FÍSICO ADICIONAL
Nota de formato físico adicional disponible Disponible en formato digital.
546 ## - NOTA DE IDIOMA
Nota de lengua/lenguaje Texto en español, francés e inglés.
594 ## - Nota al título y mención de responsabilidad
Nota al título y mención de responsabilidad Antonio Vascano es seud. de Antonio Cánovas del Castillo y Vallejo
594 ## - Nota al título y mención de responsabilidad
Nota al título y mención de responsabilidad En port.: Obra impresa en español, francés e inglés, para acompañar al Mapa-Mundi de Juan de la Cosa que, como recuerdo del Cuarto Centenario del descubrimiento de América, han publicado en Madrid los Sres. Cánovas Vallejo y Traynor
594 ## - Nota al título y mención de responsabilidad
Nota al título y mención de responsabilidad Traducción francesa por Honoré Tabart d'Elthour [profesor de francés en el Ateneo de Madrid] y traducción inglesa por Traynor.
600 14 - PUNTO DE ACCESO ADICIONAL DE MATERIA--NOMBRE DE PERSONA
Nombre de persona Cosa, Juan de la (
Fechas asociadas al nombre m. 1510)
9 (RLIN) 148655
650 #4 - PUNTO DE ACCESO ADICIONAL DE MATERIA--TÉRMINO DE MATERIA
Término de materia o nombre geográfico como elemento de entrada Mapamundis manuscritos.
9 (RLIN) 156667
700 1# - ENTRADA AGREGADA--NOMBRE PERSONAL
Nombre de persona Tabart d'Elthour, Honoré.
9 (RLIN) 174370
700 1# - ENTRADA AGREGADA--NOMBRE PERSONAL
Nombre de persona Traynor, Santiago.
9 (RLIN) 156666
852 4# - LOCALIZACIÓN
Ubicación ES-MaACL
Número de control de estantería T-1204-F
Nota libre - Enc. hol.
-- - Enc. en un vol. facticio
856 4# - LOCALIZACIÓN Y ACCESO ELECTRÓNICOS
Identificador Uniforme de Recursos <a href="http://bdh-rd.bne.es/viewer.vm?id=0000250938&page=1 ">http://bdh-rd.bne.es/viewer.vm?id=0000250938&page=1 </a>
Nota pública Biblioteca Digital Hispánica
Holdings
Estatus retirado Estado de pérdida Fuente del sistema de clasificación o colocación Estado de daño No para préstamo Colección Biblioteca de origen Biblioteca actual Ubicación en estantería Fecha de adquisición Total de préstamos Signatura topográfica completa Código de barras Visto por última vez Precio de reemplazo Tipo de ítem Koha
    Clasificación decimal universal     Colección de folletos Biblioteca del Ateneo de Madrid Biblioteca del Ateneo de Madrid Depósito folletos 17/01/2008   T-1204-F-3 1175197 23/02/2023 23/02/2023 Folleto